[Event "Schachbundesliga 2010-11"]
[Site "Bremen GER"]
[Date "2011.02.26"]
[Round "10"]
[White "Bischoff,K"]
[Black "Jugelt,T"]
[Result "1-0"]
[WhiteElo "2553"]
[BlackElo "2409"]

1.c4 c6 2.Nf3 d5 3.e3 Nf6 4.Nc3 g6 5.d4 Bg7 6.Be2 O-O 7.O-O Be6 8.cxd5 cxd5
9.Qb3 Qb6 10.Qxb6 axb6 11.b3 Ne4 12.Na4 Nd7 13.Ba3 Nc3 14.Nxc3 Rxa3 15.Ng5 Rc8
16.Rac1 Bf6 17.Nxe6 fxe6 18.Nxd5 Rxc1 19.Nxf6+ Nxf6 20.Rxc1 Rxa2 21.Bf3 Rb2
22.h4 Kf7 23.g4 Nd5 24.Rc8 Rxb3 25.Rb8 h6 26.Rxb7 g5 27.h5 Rb2 28.Rb8 Nc3
29.Rh8 Kg7 30.Re8 Kf7 31.Rh8 Kg7 32.Rc8 Rc2 33.Kg2 b5 34.Be4 Rc1 35.Bg6 b4
36.Rb8 Nd5 37.Be4 Nf6 38.Bf3 Rb1 39.Rb6 Kf7 40.e4 Rb3 41.e5 Nd5 42.Bxd5 exd5
43.Rxh6 Rd3 44.Rg6 Rxd4 45.e6+ Kf8 46.Rxg5  1-0

[Event "Osijek Open"]
[Site "Osijek CRO"]
[Date "2011.02.26"]
[Round "6.2"]
[White "Medak,B"]
[Black "Plenca,J"]
[Result "1-0"]
[WhiteElo "2367"]
[BlackElo "2344"]

1.c4 c6 2.g3 d5 3.Bg2 dxc4 4.Na3 g6 5.Nxc4 Bg7 6.Nf3 Bg4 7.Qb3 Bxf3 8.Bxf3 Qc7
9.d4 Bxd4 10.Bf4 e5 11.O-O-O b5 12.Rxd4 bxc4 13.Qc3 f6 14.Rxc4 Ne7 15.Be3 O-O
16.Bc5 Nd5 17.Qb3 Rf7 18.Rd1 Nd7 19.Ba3 Rb8 20.Qc2 Qa5 21.Rxc6 Rb5 22.e3 Kg7
23.Qd2 Qxd2+ 24.Rxd2 Nb4 25.Bxb4 Rxb4 26.Bd5 Nb8 27.Bxf7 Nxc6 28.Rd7 Kf8
29.Be6 e4 30.Rf7+ Ke8 31.Rxh7 Ne5 32.Kc2 Rb6 33.Bd5 f5 34.Rxa7 Nd3 35.Bf7+ Kf8
36.b3 Nxf2 37.Bc4 Ng4 38.Kd2 Rd6+ 39.Ke2 Nxh2 40.Ra6 Rd7 41.Rxg6  1-0

[Event "Osijek Open"]
[Site "Osijek CRO"]
[Date "2011.02.26"]
[Round "6.12"]
[White "Svetinovic,D"]
[Black "Vranjic,M"]
[Result "1/2-1/2"]
[WhiteElo "1917"]
[BlackElo "1834"]

1.c4 c6 2.Nc3 d5 3.d4 Nf6 4.Bg5 dxc4 5.e3 b5 6.Bxf6 exf6 7.Nxb5 cxb5 8.Qf3 Bb4+
9.Ke2 Nc6 10.Qxc6+ Bd7 11.Qe4+ Be7 12.Nf3 O-O 13.g3 b4 14.Bg2 c3 15.Rhb1 Bb5+
16.Ke1 Rc8 17.Qc2 Qd7 18.Rc1 Ba4 19.b3 Bc6 20.Kf1 Qg4 21.Ne1 Bxg2+ 22.Kxg2 h5
23.Qd1 Qxd1 24.Rxd1 f5 25.Nc2 a5 26.Kf3 g6 27.Rdc1 Ra8 28.Ke2 a4 29.Kd3 Rfc8
30.Re1 Rc7 31.Reb1 Rca7 32.Rd1 h4 33.Rh1 Kg7 34.Kc4 Rc8+ 35.Kd3 Rca8 36.Kc4  1/2-1/2

[Event "85th YMCA Masters"]
[Site "Warsaw POL"]
[Date "2011.02.26"]
[Round "9"]
[White "Janczarski,M"]
[Black "Bobula,M"]
[Result "1/2-1/2"]
[WhiteElo "2296"]
[BlackElo "2393"]

1.c4 c6 2.Nf3 d5 3.b3 Bg4 4.Bb2 Nd7 5.d4 e6 6.e3 Bd6 7.Nc3 f5 8.Qc1 Ngf6
9.Ba3 Bxa3 10.Qxa3 Ne4 11.Rc1 Qf6 12.Be2 Qe7 13.Qxe7+ Kxe7 14.cxd5 exd5 15.Ne5 Nxc3
16.Rxc3 Bxe2 17.Nxd7 Kxd7 18.Kxe2 Rhe8 19.g3 Re6  1/2-1/2

[Event "27th Open"]
[Site "Cappelle la Grande FRA"]
[Date "2011.02.27"]
[Round "2.87"]
[White "Berry,N"]
[Black "Takahashi,R"]
[Result "1-0"]
[WhiteElo "2331"]
[BlackElo "2099"]

1.c4 c6 2.Nf3 d5 3.g3 Nf6 4.Bg2 e6 5.O-O Bd6 6.d4 Nbd7 7.Nbd2 h6 8.Qc2 O-O
9.e4 Nxe4 10.Nxe4 dxe4 11.Qxe4 Qe7 12.Ne5 c5 13.Nxd7 Qxd7 14.Rd1 Qc7 15.Be3 f5
16.Qd3 f4 17.dxc5 Be5 18.Bd4 fxg3 19.hxg3 Rb8 20.Bxe5 Qxe5 21.Qd4 Qxd4 22.Rxd4 Rf5
23.Rd8+ Kf7 24.b4 a5 25.a3 axb4 26.axb4 Ke7 27.Rad1 Rf8 28.Rxf8 Kxf8 29.Rd8+ Ke7
30.Rg8 g5 31.b5 Ra8 32.Kh2 Kf7 33.Rh8 Ke7 34.c6 bxc6 35.Bxc6 Rb8 36.c5  1-0

[Event "27th Open"]
[Site "Cappelle la Grande FRA"]
[Date "2011.02.27"]
[Round "2.96"]
[White "Grabinsky,V"]
[Black "Dengler,D"]
[Result "1-0"]
[WhiteElo "2303"]
[BlackElo "2063"]

1.c4 c6 2.Nc3 d5 3.d4 Nf6 4.Nf3 a6 5.Bg5 Ne4 6.cxd5 Nxg5 7.Nxg5 cxd5 8.Qd3 e5
9.h4 e4 10.Qe3 h6 11.Nf3 Nc6 12.O-O-O Be6 13.Nd2 f5 14.g4 f4 15.Qxf4 Bd6
16.Qe3 O-O 17.f3 Bf4 18.Qg1 e3 19.Nb3 Rc8 20.g5 h5 21.g6 Nb4 22.Nc5 Rxc5
23.dxc5 d4 24.Bh3 Nxa2+ 25.Nxa2 Bxa2 26.Qe1 a5 27.Rd3 Rf6 28.Qc3 Be5 29.Rhd1 Rxg6
30.f4 Qxh4 31.Qxa5 Ra6 32.Qb5 Rc6 33.Bg2 Rc8 34.fxe5 Qe7 35.b4 Qxe5 36.Rxd4 Bb3
37.Rd8+ Kf7 38.Qxb7+ Rc7 39.Qxc7+  1-0

[Event "TCh-Paulista"]
[Site "Sao Paolo BRA"]
[Date "2011.02.27"]
[Round "3.16"]
[White "Sega,C"]
[Black "Massarioli,F"]
[Result "1/2-1/2"]
[WhiteElo "2282"]
[BlackElo "2040"]

1.c4 c6 2.g3 Nf6 3.Bg2 d5 4.Nf3 Nbd7 5.cxd5 cxd5 6.d4 e6 7.Nc3 Bd6 8.O-O a6
9.Bf4 Bxf4 10.gxf4 Nf8 11.Rc1 Ng6 12.e3 O-O 13.Qb3 Ng4 14.Ne2 Nh4 15.Nxh4 Qxh4
16.h3 Nh6 17.Ng3 g5 18.fxg5 Qxg5 19.e4 dxe4 20.Nxe4 Qf4 21.Qe3 Qxe3 22.fxe3 Nf5
23.Kf2 Rd8 24.Rc7 h6 25.Nf6+ Kg7 26.Ng4 Rd7 27.Rfc1 Rxc7 28.Rxc7 Nd6 29.Ne5 Rb8
30.b4 Kf8 31.h4 Ke8 32.h5 Kd8 33.Rc1 Bd7 34.Ng4 f5 35.Ne5 Be8 36.Bf3 Rc8
37.Rxc8+ Kxc8 38.Kg3 Kc7 39.Kf4 Nb5 40.d5 exd5 41.Bxd5 Bxh5 42.Kxf5 Nc3 43.Bb3 Bd1
44.Bf7 Bc2+ 45.Kf6 Bb1 46.a3 Nb5 47.a4 Nc3 48.a5 Be4 49.Kg7 h5 50.Bxh5 Nd5
51.Bg6 Bxg6 52.Kxg6 Nxe3 53.Nd3 Kc6 54.Kf6 Kb5 55.Ke5 Nc2 56.Nc5 Nxb4 57.Nxb7 Nc6+
58.Kd5 Nxa5 59.Nc5  1/2-1/2

[Event "27th Open"]
[Site "Cappelle la Grande FRA"]
[Date "2011.02.28"]
[Round "3.39"]
[White "Gros,P"]
[Black "Fargere,Fr"]
[Result "0-1"]
[WhiteElo "2047"]
[BlackElo "2512"]

1.c4 c6 2.Nf3 d5 3.g3 Nf6 4.Bg2 Bg4 5.cxd5 Bxf3 6.Bxf3 cxd5 7.Qb3 Qd7 8.d4 Nc6
9.Be3 e6 10.O-O Be7 11.Nc3 O-O 12.Qd1 h6 13.Bf4 Rac8 14.Qd2 Qd8 15.Rfd1 Na5
16.e4 Bb4 17.e5 Nc4 18.Qe2 Nd7 19.Nxd5 exd5 20.Bxd5 b5 21.Qg4 Kh8 22.Qh5 Qb6
23.Bxf7 Nxb2 24.e6 Nf6 25.Qf5 Nxd1 26.Rxd1 Rxf7 27.exf7 Rf8 28.d5 Rxf7  0-1

[Event "27th Open"]
[Site "Cappelle la Grande FRA"]
[Date "2011.02.28"]
[Round "4.65"]
[White "Foisor,C"]
[Black "Frisk,E"]
[Result "1-0"]
[WhiteElo "2405"]
[BlackElo "2131"]

1.c4 c6 2.Nc3 d5 3.e3 Nf6 4.Nf3 e6 5.Qc2 Bd6 6.d4 Nbd7 7.g4 Nxg4 8.Rg1 Nxh2
9.Nxh2 Bxh2 10.Rxg7 Nf8 11.Rg2 Bc7 12.Bd2 Ng6 13.O-O-O Nh4 14.Rg1 Nf3 15.Rh1 Nxd2
16.Rxd2 h5 17.f4 Bd7 18.Rdh2 h4 19.Qf2 Qf6 20.Rxh4 O-O-O 21.Nd1 Rxh4 22.Qxh4 Qxh4
23.Rxh4 f6 24.cxd5 exd5 25.Rh6 Rf8 26.Nc3 Bf5 27.Kd2 Kd7 28.Ke2 Ke6 29.Kf2 Rg8
30.Bh3 Bxh3 31.Rxh3 Rg7 32.Rh8 Bd6 33.Ne2 Bb4 34.Nc1 b6 35.a3 Bd6 36.Ne2 c5
37.Kf3 Rc7 38.Rh5 Be7 39.Nc3 Rd7 40.f5+ Kd6 41.Rh7 a6 42.Rf7 Kc6 43.Ke2 b5
44.Kd3 a5 45.dxc5 Kxc5 46.Ne2 Kd6 47.Nd4 Rb7 48.b3 Rb6 49.Rh7 Rb7 50.Ne6 Ke5
51.Nd4 Kd6 52.Rh8 b4 53.a4 Kd7 54.Ne6 Rb6 55.Nd4 Bd8 56.Rh1 Rb7 57.Ne6 Be7
58.Kd4 Rb6 59.Rc1 Rc6 60.Rxc6 Kxc6 61.e4 dxe4 62.Kxe4 Kd6 63.Kd4 Kc6 64.Kc4 Bd6
65.Nd4+ Kb6 66.Kd5 Be5 67.Ne6 Ba1 68.Nc5 Kc7 69.Ne4 Kd7 70.Nd6 Kc7 71.Nc4 Bc3
72.Nxa5 Kb6 73.Nc4+ Kc7 74.Kc5 Kb7 75.Ne3 Ka6 76.Nd5 Ka5 77.Kc6 Be5 78.Kb7 Bd4
79.Ne7 Ba7 80.Nc6+  1-0

[Event "6th Women GP"]
[Site "Doha QAT"]
[Date "2011.02.28"]
[Round "6"]
[White "Fierro Baquero,M"]
[Black "Sebag,M"]
[Result "0-1"]
[WhiteElo "2353"]
[BlackElo "2489"]

1.c4 c6 2.g3 d5 3.Nf3 Nf6 4.Bg2 dxc4 5.O-O g6 6.Na3 Qd5 7.d3 cxd3 8.Ng5 Qd8
9.Qb3 e6 10.Rd1 Bg7 11.Rxd3 Nbd7 12.Nc4 O-O 13.Qd1 Qc7 14.Bd2 h6 15.Nh3 Nd5
16.e4 b5 17.Ba5 Qb8 18.Nd2 N5b6 19.Qc2 Ne5 20.Rb3 Nbc4 21.Nxc4 Nxc4 22.Bc3 Bxc3
23.Rxc3 Rd8 24.b3 Ne5 25.Rd1 Bb7 26.Nf4 Qc7 27.Ne2 Rxd1+ 28.Qxd1 Rd8 29.Qc1 b4
30.Rc2 Qd6 31.h3 Qd1+ 32.Qxd1 Rxd1+ 33.Kh2 Nd3 34.Nf4 Ne1 35.Rc5 Rd2 36.Ra5 a6
37.Kg1 Rc2 38.h4 c5 39.Bh1 g5 40.hxg5 hxg5 41.Nh5 Nd3 42.e5 Kf8 43.Bg2 Bxg2
44.Kxg2 Rxf2+ 45.Kh3 Nxe5 46.Rxc5 Nf3 47.g4 Rxa2 48.Rc8+ Ke7 49.Rc7+ Kd6
50.Rxf7 Ng1+ 51.Kg3 Rb2 52.Ra7 Rxb3+ 53.Kg2 Nh3 54.Rxa6+ Ke5 55.Ra5+ Kd4
56.Ng7 Nf4+ 57.Kf2 Ra3 58.Rb5 b3 59.Nh5 Nd3+  0-1

[Event "61st ch-RUS w 1st League"]
[Site "Ivanovo RUS"]
[Date "2011.02.28"]
[Round "8"]
[White "Dogodkina,J"]
[Black "Mirzoeva,E"]
[Result "0-1"]
[WhiteElo "2070"]
[BlackElo "2216"]

1.c4 c6 2.d4 d5 3.Nc3 Nf6 4.Nf3 dxc4 5.a4 Bf5 6.Ne5 Nbd7 7.Nxc4 Qc7 8.f3 e5
9.dxe5 Nxe5 10.e4 Rd8 11.Qc2 Be6 12.Nxe5 Qxe5 13.Be3 Bb4 14.Kf2 Bc5 15.Bxc5 Qxc5+
16.Ke1 O-O 17.Rd1 Qb4 18.Rd2 Bb3 19.Qc1 Nd7 20.Bd3 Nc5 21.Bc2 Nxa4 22.Bxb3 Qxb3
23.Nxa4 Qxa4 24.Rf1 Rd4 25.Qc2 Qb4 26.Qc3 Qxc3 27.bxc3 Rxd2 28.Kxd2 Rd8+
29.Kc2 b6 30.Ra1 Rd7 31.c4 c5 32.Kc3 f6 33.g3 Kf7 34.h4 Ke6 35.Rb1 Kd6 36.h5 h6
37.Re1 Re7 38.Rd1+ Kc6 39.Rd8 a6 40.Rc8+ Kb7 41.Rg8 b5 42.f4 Kb6 43.cxb5 axb5
44.Rb8+ Kc6 45.Rc8+ Rc7 46.Re8 Ra7 47.Re6+ Kc7 48.Kb3 Ra4 49.Re7+ Kb6 50.Rxg7 Rxe4
51.Rg6 Re3+ 52.Kc2 Ka5 53.Rxh6 Rxg3 54.Rxf6 Rh3 55.h6 Kb4 56.Rg6 c4 57.f5 Rh2+
58.Kc1 Kb3 59.f6 c3 60.Rg1 Ra2 61.Kd1 Ra1+ 62.Ke2 Rxg1 63.f7 c2  0-1

[Event "27th Open"]
[Site "Cappelle la Grande FRA"]
[Date "2011.03.01"]
[Round "5.61"]
[White "Bauduin,E"]
[Black "Burmakin,V"]
[Result "1/2-1/2"]
[WhiteElo "2255"]
[BlackElo "2603"]

1.c4 c6 2.g3 d5 3.Bg2 Nf6 4.Nf3 Bf5 5.cxd5 cxd5 6.Qb3 Qb6 7.Qxb6 axb6 8.Nc3 Nc6
9.d3 e6 10.O-O Bc5 11.Bf4 O-O 12.a3 Rfc8 13.Nb5 h6 14.b4 Be7 15.Be3 Nd7 16.Nfd4 Bh7
17.f4 Kf8 18.Bf2 g5 19.Rab1 gxf4 20.gxf4 Nf6 21.Bf3 Ne8 22.Be3 Nxd4 23.Bxd4 Nd6
24.Nxd6 Bxd6 25.Bxb6 Rxa3 26.Bc5 Ke7 27.Bh5 Ra2 28.Rb3 Kd7 29.Bxd6 Kxd6 30.Kf2 Ke7
31.Rg1 Kf6 32.Ke3 Rcc2 33.Bf3 b6 34.h4 Bf5 35.h5 e5 36.fxe5+ Kxe5 37.d4+ Kd6
38.Rg8 Rc8 39.Rxc8 Bxc8 40.Rb1 Be6 41.Kf4 Rd2 42.e3 Ke7 43.b5 Kf6 44.Rb3 Rh2
45.Rb1 Rf2 46.Kg3 Rc2 47.Kf4 Ke7 48.Rb4 Ra2 49.Rb3  1/2-1/2

[Event "85th YMCA Masters"]
[Site "Warsaw POL"]
[Date "2011.03.01"]
[Round "7"]
[White "Janczarski,M"]
[Black "Adamski,A"]
[Result "1-0"]
[WhiteElo "2296"]
[BlackElo "2258"]

1.c4 c6 2.Nf3 d5 3.g3 Nf6 4.Bg2 e6 5.O-O Be7 6.Qc2 h5 7.d4 Nbd7 8.Nc3 dxc4
9.e4 a6 10.Bg5 Nh7 11.Bxe7 Qxe7 12.e5 O-O 13.a4 Rb8 14.h4 b5 15.Ne4 c5 16.axb5 axb5
17.d5 f5 18.exf6 gxf6 19.dxe6 Qxe6 20.Nc3 Kh8 21.Rfe1 Qf7 22.Ne2 Re8 23.Nf4 Rxe1+
24.Rxe1 Ndf8 25.Qd2 Qd7 26.Nd5 Bb7 27.Qf4 Re8 28.Nxf6 Rxe1+ 29.Nxe1 Qe7 30.Nxh7 Qxe1+
31.Bf1 Ne6 32.Qh6 Nf8 33.Nf6+  1-0

[Event "27th Open"]
[Site "Cappelle la Grande FRA"]
[Date "2011.03.04"]
[Round "8.5"]
[White "Leon Hoyos,M"]
[Black "Prohaszka,P2"]
[Result "1/2-1/2"]
[WhiteElo "2565"]
[BlackElo "2542"]

1.c4 c6 2.Nc3 d5 3.d4 Nf6 4.e3 e6 5.a3 Nbd7 6.Bd2 b6 7.Rc1 Bb7 8.cxd5 exd5
9.Nge2 g6 10.g3 Bg7 11.Bg2 O-O 12.O-O Re8 13.Nf4 Nf8 14.b4 a6 15.Nd3 Rc8
16.Be1 Ne4 17.Nxe4 dxe4 18.Nf4 Nd7 19.Bh3 Rc7 20.Bc3 Nf6 21.Ba1 Nd5 22.Nxd5 cxd5
23.Rxc7 Qxc7 24.Qd2 Bc8 25.Rc1 Qb7 26.Bf1 Bd7 27.Qe2 Rc8 28.Rxc8+  1/2-1/2

[Event "V Tancat IM"]
[Site "Sabadell ESP"]
[Date "2011.03.04"]
[Round "5"]
[White "Cruz,F"]
[Black "Avila Jimenez,J"]
[Result "1-0"]
[WhiteElo "2412"]
[BlackElo "2227"]

1.c4 c6 2.e3 d5 3.d4 Nf6 4.Qc2 g6 5.Bd3 Bg7 6.Nf3 O-O 7.Nc3 dxc4 8.Bxc4 Bf5
9.Qe2 Bg4 10.O-O Nbd7 11.Rd1 Qa5 12.h3 Bxf3 13.Qxf3 e5 14.Bb3 Rad8 15.Bd2 exd4
16.exd4 Qh5 17.Qxh5 Nxh5 18.d5 Nc5 19.dxc6 Nxb3 20.axb3 bxc6 21.Be3 Rxd1+
22.Rxd1 Ra8 23.Rd7 f5 24.Bxa7 Nf6 25.Rb7 Ne4 26.Nxe4 fxe4 27.Kf1 Bxb2 28.Ke2 Re8
29.Rd7 Re6 30.b4 h5 31.Bc5 Bf6 32.g3 Bb2 33.Bd4 Bc1 34.h4 Kf8 35.Rc7 Ba3
36.Bc3 Bc1 37.b5 e3 38.f3 Bd2 39.Rxc6 Rxc6 40.bxc6 Ke7 41.Bxd2 exd2 42.Kxd2 Kd6
43.Ke3 Kxc6 44.Kf4  1-0

[Event "1st Dimitar Nikolov Mem"]
[Site "Sofia BUL"]
[Date "2011.03.04"]
[Round "3"]
[White "Ruschukov,Boyan"]
[Black "Ivanov,Bor BUL"]
[Result "1/2-1/2"]
[WhiteElo "1962"]
[BlackElo "2202"]

1.c4 c6 2.e4 d5 3.exd5 cxd5 4.d4 Nf6 5.Nc3 Nc6 6.Nf3 Bg4 7.Be3 e6 8.h3 Bf5
9.Nh4 Be4 10.f3 Bg6 11.c5 Be7 12.Nxg6 hxg6 13.Bb5 O-O 14.Qa4 Qc7 15.O-O e5
16.Bxc6 bxc6 17.dxe5 Nd7 18.e6 fxe6 19.Qg4 Nxc5 20.b4 Nb7 21.Qxe6+ Kh7 22.b5 Nd8
23.Qg4 Bf6 24.Rac1 Bxc3 25.Rxc3 Qa5 26.Rfc1 Qxb5 27.Bg5 Nf7 28.Rxc6 Ne5 29.Qh4+ Kg8
30.Re6 Rae8 31.Rxe8 Rxe8 32.Qd4 Nc6 33.Qc5 Re1+ 34.Kh2 Qb8+ 35.f4 Rxc1 36.Qxc1 Qd6
37.Bh4 Nd4 38.Qd2 Nf5 39.Bf2 g5 40.g4 Ne7 41.Bg3 gxf4 42.Bxf4 Qd7 43.Kg3 d4
44.h4 Ng6 45.h5 Nxf4 46.Kxf4 Qd5 47.g5  1/2-1/2

[Event "Brunei IM2 2011"]
[Site "Bandar Seri Begawan BRU"]
[Date "2011.03.05"]
[Round "4"]
[White "Barbosa,O PHI"]
[Black "Yee Soon Wei"]
[Result "1-0"]
[WhiteElo "2506"]
[BlackElo "2285"]

1.c4 c6 2.e4 d5 3.exd5 cxd5 4.cxd5 Nf6 5.Nc3 Nxd5 6.Nf3 e6 7.Bc4 Be7 8.O-O O-O
9.d4 Nc6 10.Re1 b6 11.a3 Bb7 12.Bd3 Rc8 13.Bc2 Ba6 14.Ne4 Nf6 15.Bf4 Nxe4
16.Bxe4 Bf6 17.Qa4 Bb7 18.Rad1 Qe8 19.Bd6 Na5 20.Qb4 Rc4 21.Qd2 Bxe4 22.Rxe4 Qc6
23.Qf4 Rd8 24.Be5 Be7 25.Bxg7 Kxg7 26.Ne5 Qe8 27.Re3 f5 28.Rg3+ Kh8 29.Qh6  1-0

[Event "Brunei IM2 2011"]
[Site "Bandar Seri Begawan BRU"]
[Date "2011.03.05"]
[Round "4"]
[White "Nguyen Anh Dung"]
[Black "Ahmad,Md"]
[Result "1-0"]
[WhiteElo "2479"]
[BlackElo "2100"]

1.c4 c6 2.e4 d5 3.exd5 cxd5 4.cxd5 Qxd5 5.Nc3 Qa5 6.Nf3 Nf6 7.d4 Bg4 8.h3 Bh5
9.Qb3 Bxf3 10.gxf3 Qc7 11.Bf4 Qb6 12.Qxb6 axb6 13.Bb5+ Kd8 14.d5 Nbd7 15.Rc1 h5
16.O-O h4 17.Na4 Rh5 18.Bc7+ Ke8 19.Nxb6 Rxa2 20.Bb8  1-0

[Event "27th Open"]
[Site "Cappelle la Grande FRA"]
[Date "2011.03.05"]
[Round "9.13"]
[White "Gurevich,M"]
[Black "Sulashvili,M"]
[Result "1-0"]
[WhiteElo "2613"]
[BlackElo "2497"]

1.c4 c6 2.Nf3 d5 3.e3 Nf6 4.d4 e6 5.Bd3 Nbd7 6.O-O Be7 7.b3 O-O 8.Nc3 c5
9.cxd5 exd5 10.Bb2 b6 11.Qe2 Bb7 12.Rfd1 Re8 13.Rac1 a6 14.Bf5 Bd6 15.dxc5 Nxc5
16.g3 Qe7 17.Bh3 b5 18.Nd4 g6 19.Qc2 b4 20.Nce2 Ncd7 21.Nc6 Bxc6 22.Qxc6 Ne5
23.Bxe5 Bxe5 24.Bg2 Ra7 25.Bxd5 Rd8 26.Bf3 Rxd1+ 27.Rxd1 Kg7 28.Nd4 a5 29.Qb6 Bxd4
30.Rxd4 Qc7 31.Rd6 Qxb6 32.Rxb6 Nd7 33.Rb5 Kf6 34.g4 h6 35.h4 Ke7 36.Kh2 f6
37.g5 hxg5 38.hxg5 f5 39.Kg3 Nf8 40.Bd5 Kd6 41.Bc4 Nd7 42.Rd5+ Kc6 43.Rd1 Nb6
44.Be2 a4 45.Bf3+ Kb5 46.Rd6 Rc7 47.Rxg6 Rc2 48.Rf6 Rxa2 49.Rxf5+  1-0

[Event "Brunei IM2 2011"]
[Site "Bandar Seri Begawan BRU"]
[Date "2011.03.06"]
[Round "5"]
[White "Khamrakulov,D"]
[Black "Munir,Azizi Bin Ahmad"]
[Result "1-0"]
[WhiteElo "2479"]
[BlackElo "1928"]

1.c4 c6 2.e4 d5 3.exd5 cxd5 4.d4 dxc4 5.Nc3 e6 6.Bxc4 Nf6 7.Nf3 Bb4 8.O-O O-O
9.Ne5 Nd5 10.Qd3 Nc6 11.Nxc6 bxc6 12.Ne4 Be7 13.Rd1 Nf6 14.Bf4 Qb6 15.Bg5 Nxe4
16.Bxe7 Re8 17.Ba3 Nf6 18.Bd6 Qd8 19.Be5 Bb7 20.Qg3 Qe7 21.Be2 Rad8 22.Rac1 Kh8
23.Bf3 Rc8 24.Rd3 Ba6 25.Rdc3 Bb7 26.h3 Qd7 27.Qg5  1-0

[Event "TCh-CZE 2010-11"]
[Site "Czech Rep CZE"]
[Date "2011.03.06"]
[Round "9.1"]
[White "Ftacnik,L"]
[Black "Dziuba,M"]
[Result "1/2-1/2"]
[WhiteElo "2578"]
[BlackElo "2584"]

1.c4 c6 2.Nf3 d5 3.e3 Nf6 4.Nc3 a6 5.d4 b5 6.b3 Bg4 7.Be2 e6 8.O-O Nbd7 9.Bb2 Bd6
10.Ne5 Bxe2 11.Nxe2 bxc4 12.bxc4 O-O 13.Rb1 Qc7 14.f4 Ne4 15.Qc2 Rfc8 16.Rfc1 Bxe5
17.fxe5 Qd8 18.Qd3 Rcb8 19.Bc3 Nxc3 20.Nxc3  1/2-1/2

[Event "ch-RUS U20"]
[Site "St Petersburg RUS"]
[Date "2011.03.06"]
[Round "3"]
[White "Belous,V"]
[Black "Shimanov,A"]
[Result "1/2-1/2"]
[WhiteElo "2524"]
[BlackElo "2550"]

1.c4 c6 2.d4 d5 3.Nc3 Nf6 4.Nf3 a6 5.c5 Bf5 6.Nh4 Bc8 7.Bf4 g6 8.e3 Bg7 9.Be2 O-O
10.Nf3 Bg4 11.O-O Nbd7 12.h3 Bxf3 13.Bxf3 Re8 14.Qb3 Ra7 15.Rad1 e6 16.Rfe1 Bf8
17.e4 dxe4 18.Bxe4 Nd5 19.Bg3 N7f6 20.Bh4 Be7 21.Bxd5 Nxd5 22.Bxe7 Qxe7 23.Ne4 b5
24.Qg3 Nf6 25.Nd6 Rd8 26.Rd3 Ne8 27.Nf5 Qc7 28.Nh6+ Kg7 29.Qe3 Nf6 30.Qg5 Rd5
31.Re5 Qd8 32.Rxd5 Qxd5 33.Qf4 g5 34.Rg3 Ne4 35.Rg4 Kxh6 36.Qxe4 Qxe4 37.Rxe4 Rd7
38.Kf1 a5 39.Ke2 Kg6 40.Ke3 Rd5  1/2-1/2

[Event "TCh-NED"]
[Site "Netherlands NED"]
[Date "2011.03.07"]
[Round "7.1"]
[White "Van Wely,L"]
[Black "Ernst,S"]
[Result "1-0"]
[WhiteElo "2679"]
[BlackElo "2587"]

1.c4 c6 2.Nf3 d5 3.e3 Nf6 4.Nc3 g6 5.d4 Bg7 6.Bd3 O-O 7.O-O Be6 8.Qe2 dxc4
9.Bxc4 Bxc4 10.Qxc4 b5 11.Qe2 Nbd7 12.e4 b4 13.Nb1 e6 14.b3 c5 15.Bb2 cxd4
16.Nxd4 Qb6 17.Nd2 Ne5 18.Nc2 Rac8 19.Ne3 Nfd7 20.Rad1 Rfd8 21.Kh1 Nc5 22.Bxe5 Bxe5
23.f4 Bg7 24.e5 Qa6 25.Qxa6 Nxa6 26.Ne4 Nc7 27.Nd6 Rb8 28.g4 h6 29.h4 Rd7
30.g5 Rbd8 31.Kg2 a6 32.Kf3 h5 33.Ne4 Rxd1 34.Rxd1 Rxd1 35.Nxd1 Nb5 36.Ke3 Bf8
37.Kd3 Be7 38.Ne3 Kf8 39.Nf6 a5 40.Nc4 Bd8 41.Nd6 Bxf6 42.Nxb5 Bd8 43.Nd6 Bb6
44.Ne4 Ke7 45.Kc4 Be3 46.Kb5 Kd7 47.Kxa5 Kc6 48.Kxb4 Kd5 49.Nf6+ Kc6 50.Kc4 Bxf4
51.Ne4 Bxe5 52.a4 Kb6 53.b4 Bf4 54.a5+ Ka6 55.Kc5 Bh2 56.Kc6 Bf4 57.Nc5+ Ka7
58.b5 Bg3 59.b6+  1-0

[Event "ch-PriFO A"]
[Site "Tolyatti RUS"]
[Date "2011.03.10"]
[Round "1.21"]
[White "Derbenev,A"]
[Black "Palachev,P"]
[Result "0-1"]
[WhiteElo "2373"]
[BlackElo "2193"]

1.c4 c6 2.e4 d5 3.cxd5 cxd5 4.exd5 Nf6 5.Bb5+ Nbd7 6.Nc3 g6 7.d6 exd6 8.d4 a6
9.Bd3 Nb6 10.Bg5 Be7 11.Nge2 Nfd5 12.Bxe7 Qxe7 13.O-O Be6 14.Nxd5 Nxd5 15.Bc4 Ne3
16.Bb5+ axb5 17.fxe3 Rxa2 18.Nc3 Rxa1 19.Qxa1 O-O 20.Qa5 Bc4 21.Re1 Re8 22.Qb4 d5
23.Qxe7 Rxe7 24.Kf2 b4 25.Ne2 Re6 26.Nf4 Ra6 27.Rd1 Ra2 28.Rd2 Ra1 29.g4 b3
30.g5 Kg7 31.Nd3 h6 32.gxh6+ Kxh6 33.Ne5 f6 34.Nxc4 dxc4 35.d5 c3  0-1

[Event "TCh-SWE Elitserien 2010-11"]
[Site "Sweden SWE"]
[Date "2011.03.11"]
[Round "9"]
[White "Hamark,J"]
[Black "Hjelm,N"]
[Result "1/2-1/2"]
[WhiteElo "2331"]
[BlackElo "2334"]

1.c4 c6 2.g3 d5 3.Nf3 Nf6 4.Bg2 Bf5 5.cxd5 cxd5 6.Qb3 Qb6 7.Nc3 Qxb3 8.axb3 Nc6
9.d3 e6 10.O-O Be7 11.Be3 O-O 12.Nd4 Nxd4 13.Bxd4 a6 14.e4 Bg6 15.exd5 Nxd5
16.Nxd5 exd5 17.Rfe1 Bb4 18.Bc3 Bxc3 19.bxc3 Rac8 20.c4 dxc4 21.dxc4 Rc7
22.Bd5 Rfc8 23.Ra4 Bc2 24.Rb4 g5 25.Rc1 Bf5 26.Rxb7 Rxb7 27.Bxb7 Rb8 28.Bxa6 Rxb3
29.c5 Kf8 30.c6 Rb6 31.Be2 Ke7 32.h3 Kd6 33.Bf3 Rb1 34.Rxb1 Bxb1 35.h4 h6
36.Kg2 Bf5 37.g4 Bd3 38.Kg3 Bb5 39.hxg5  1/2-1/2

[Event "49th TCh-DEN XtraCon 2010-11"]
[Site "Denmark DEN"]
[Date "2011.03.12"]
[Round "8.6"]
[White "Andersen,L1 DEN"]
[Black "Pedersen,NicK"]
[Result "1/2-1/2"]
[WhiteElo "2132"]
[BlackElo "2161"]

1.c4 c6 2.d4 d5 3.Nc3 Nf6 4.cxd5 cxd5 5.Qb3 Nc6 6.Nf3 Na5 7.Qc2 Bd7 8.e3 e6
9.Ne5 Rc8 10.Bd3 Bd6 11.Nxd7 Qxd7 12.O-O O-O 13.Qe2 Rfd8 14.e4 dxe4 15.Nxe4 Nxe4
16.Bxe4 Nc6 17.Be3 Be7 18.Rad1 Nb4 19.g3 Nd5 20.Bc1 Bf6 21.a3 Rc6 22.Rfe1 Rd6
23.h4 Ne7 24.Be3 Nc6 25.Qf3 Bxd4 26.Bxd4 Nxd4 27.Qh5 g6 28.Qh6 Ne2+ 29.Rxe2 Rxd1+
30.Kg2 Rd2 31.Re3 Rxb2 32.h5 Qd2 33.Qf4 e5 34.Qf3 f5 35.hxg6 hxg6 36.Bxf5 gxf5
37.Rxe5 Rd3 38.Qxf5 Qxf2+ 39.Qxf2 Rxf2+ 40.Kxf2 Rxa3 41.Re7 b5 42.Ke2 a5
43.g4 a4 44.Kd2 b4 45.Rb7 Rb3 46.Kc2 Rc3+ 47.Kb2 a3+ 48.Ka2 Rc4 49.g5 Rc2+
50.Kb1 Rc4 51.g6 Rg4 52.Ka2 Rg2+ 53.Kb1 Rg4 54.Ka2 Kf8 55.Ka1 Rc4 56.Ka2 Rc2+
57.Ka1 Rb2 58.Ra7 Kg8 59.Rb7 Kh8 60.Rh7+ Kg8 61.Ra7 Rg2 62.Rb7 Rg4 63.Ka2 Rd4
64.Ka1 Kf8 65.Ka2 Rg4 66.Kb1 Rg2 67.Ka1 Rb2 68.Rf7+ Ke8 69.Rb7 Kf8 70.Rf7+ Kg8
71.Rb7 b3 72.Ra7 Ra2+ 73.Kb1 Kf8 74.Rf7+ Ke8 75.Ra7 Rb2+ 76.Ka1 Kf8 77.Rxa3 Ra2+
78.Rxa2 bxa2 79.Kxa2 Kg7 80.Kb2 Kxg6  1/2-1/2

[Event "TCh-FIN 2010-11"]
[Site "Helsinki FIN"]
[Date "2011.03.12"]
[Round "8.2"]
[White "Miezis,N"]
[Black "Hartikainen,M"]
[Result "0-1"]
[WhiteElo "2519"]
[BlackElo "2308"]

1.c4 c6 2.e4 d5 3.exd5 cxd5 4.cxd5 Nf6 5.Qa4+ Nbd7 6.Nc3 g6 7.h4 Bg7 8.Be2 h5
9.Nh3 O-O 10.Nf4 a6 11.d4 b5 12.Qb3 Nb6 13.O-O Qd6 14.Bf3 Bb7 15.a4 b4 16.a5 bxc3
17.axb6 cxb2 18.Qxb2 Nxd5 19.Rd1 Rad8 20.g3 Ne3 21.Bxb7 Nxd1 22.Qb3 Nxf2
23.Kxf2 Bxd4+ 24.Be3 Bxa1 25.Nd5 e6 26.Bf4 Qc5+ 27.Ne3 Rd2+ 28.Kf3 Qc1 29.Bh6 Qh1+
30.Kf4 Rf2+ 31.Kg5 Bf6+  0-1

[Event "TCh-NED"]
[Site "Netherlands NED"]
[Date "2011.03.12"]
[Round "7.5"]
[White "Bus,T"]
[Black "Van Wessel,R"]
[Result "1-0"]
[WhiteElo "2186"]
[BlackElo "2380"]

1.c4 c6 2.g3 d5 3.Nf3 Bg4 4.Bg2 e6 5.O-O Nd7 6.d3 Bxf3 7.Bxf3 Ne5 8.Bg2 dxc4
9.d4 Nd7 10.Qc2 Nb6 11.Rd1 Nf6 12.e4 Bb4 13.Na3 Bxa3 14.bxa3 Qe7 15.Rb1 Nfd7
16.a4 a5 17.d5 O-O 18.Be3 Ra6 19.dxc6 bxc6 20.e5 Rc8 21.Qc3 Nd5 22.Qxc4 Raa8
23.Bd4 c5 24.Ba1 N7b6 25.Qg4 c4 26.Bd4 Rab8 27.Be4 g6 28.h4 c3 29.Rdc1 Nxa4
30.Bxd5 exd5 31.Rb3 Qe6 32.Qd1 Qd7 33.e6 Qxe6 34.Rxb8 Rxb8 35.Qxa4 Qe4 36.Qd1 Rb2
37.Rxc3 f6  1-0

[Event "MP Reykjavik Open"]
[Site "Reykjavik ISL"]
[Date "2011.03.12"]
[Round "5.5"]
[White "Hillarp Persson,T"]
[Black "Hansen,SuB"]
[Result "1/2-1/2"]
[WhiteElo "2524"]
[BlackElo "2603"]

1.c4 c6 2.Nf3 d5 3.g3 g6 4.Bg2 Bg7 5.Qa4 Nd7 6.cxd5 cxd5 7.d4 Nf6 8.Na3 O-O
9.Bf4 Nh5 10.Bg5 Nb8 11.O-O Nc6 12.b4 h6 13.Be3 Be6 14.b5 Nb8 15.Ne5 Nd7
16.Nd3 Bf5 17.Nc5 Nb6 18.Qb3 Bc8 19.Rad1 Nf6 20.Bf4 e6 21.Rfe1 Ne8 22.e4 dxe4
23.Nxe4 Nd5 24.Bc1 a6 25.bxa6 Rxa6 26.Nc4 Nec7 27.a4 b6 28.Ba3 Bd7 29.Nb2 Ne7
30.Nc3 Re8 31.Bf1 Ra8 32.Nc4 Ncd5 33.Nb5 Nf5 34.Ne5 Bf8 35.Bxf8 Rxf8 36.Bg2 Nfe7
37.Rc1 Kg7 38.Rc4 Rc8 39.Rec1 Rxc4 40.Qxc4 Bxb5 41.Qxb5 Qd6 42.Qb3  1/2-1/2

[Event "ch-PriFO A"]
[Site "Tolyatti RUS"]
[Date "2011.03.14"]
[Round "5.25"]
[White "Derbenev,A"]
[Black "Kozionov,Kirill"]
[Result "0-1"]
[WhiteElo "2373"]
[BlackElo "2156"]

1.c4 c6 2.e4 d5 3.cxd5 cxd5 4.exd5 Nf6 5.Bb5+ Nbd7 6.Nc3 g6 7.d6 exd6 8.d4 a6
9.Bd3 Nb6 10.Bg5 Be7 11.Qd2 Nfd5 12.Bh6 Be6 13.Nge2 Nb4 14.O-O Nxd3 15.Qxd3 Bg5
16.d5 Nxd5 17.Bg7 Rg8 18.Nxd5 Rxg7 19.Qc3 Kf8 20.Nc7 Rc8 21.Nxe6+ fxe6 22.Qg3 Bf6
23.Rad1 d5 24.Nf4 Re7 25.Rfe1 Rc6 26.h4 Qd6 27.Qf3 Kg7 28.h5 Rc4 29.g3 Bg5
30.Nh3 Bh6 31.b3 Rc8 32.g4 Rf8 33.Qc3+ Kg8 34.hxg6 hxg6 35.Qd3 Kh7 36.g5 Bg7
37.Re4 Rf5 38.Rh4+ Kg8 39.Kg2 Rc7 40.Rc4 Rxc4 41.bxc4 Qc6 42.Kg1 dxc4 43.Qd8+ Bf8
44.Rd7 Rd5 45.Rxd5 Qxd5 46.Qc8 Qc6 47.Qxc6 bxc6 48.Kf1 Kf7 49.Ke2 Bc5 50.Ng1 Bf8
51.Nf3 Bg7 52.Nd2 c3 53.Ne4 Bd4 54.Kd3 e5 55.f3 Ke6 56.Ng3 c5 57.Kc2 c4 58.a3 a5
59.a4 Bf2 60.Ne4 Bd4 61.Ng3 Kd5 62.Ne2 Kc5 63.Ng3 Kb4 64.Ne2 Be3 65.Nxc3 Bxg5
66.Nd5+ Kc5 67.Nc7 Bf6 68.Ne8 Bh8 69.Nc7 Kb4 70.Nd5+ Kxa4  0-1